000
00283nam a22001337a 4500
003
SGT
082
_a
615.015
_b
B15H
100
_a
HARBANS, LAL
245
_a
BIOCHEMISTRY FOR B.SC. NURSING
250
_a
3RD
260
_a
DELHI
_b
CBS PUB.
_c
2015
300
_a
136
942
_2
ddc
_c
BK
_0
98
999
_c
8176
_d
8176